| 000 | nam a22 a 4500 | ||
|---|---|---|---|
| 999 |
_c3774 _d3774 |
||
| 003 | AKMAL | ||
| 005 | 20170524083714.0 | ||
| 008 | 170524s1989 my a00 eng d | ||
| 020 |
_a9836210563 (kkt.): _cRM 15.00 |
||
| 040 | _aAKMAL | ||
| 082 | 0 | 4 | _a796.8 ANU |
| 090 |
_a796.8 _bANU |
||
| 100 |
_aAnuar Abd. Wahab, _d1945- _97464 |
||
| 245 | 1 |
_aSilat olahraga : _bthe art, techniques and regulations / _cAnuar Abd.Wahab |
|
| 260 |
_aKuala Lumpur : _bDewan Bahasa dan Pustaka, _c1989 |
||
| 300 |
_axv, 227ms. : _bphoto ; _c24cm |
||
| 650 |
_aSilat _97465 |
||
| 650 |
_aMartial arts _97466 |
||
| 942 |
_2ddc _cBOOK |
||